00906cam a22002297a 450000100100000000500170001000800410002704000230006804100380009108200180012910000230014724501200017026000400029030000280033050000480035865000360040670000350044270000290047791000340050695201210054099900150066100000211420260206120312.0730108s1960 es a 001 0 spa  aDO-SdBNPcOAUdDLC17aenghspa2Código de idioma MARC a363.25bP822c1 aPoole, Lynn.9678813aLa ciencia es el mejor detective /cLynn Poole ; ilustración de Clifford N. Geary ; traducción de Luis Postigo. aBarcelona :bRamón Sopena,c1960. a198 p. :bil. ;c21 cm. aTítulo original: Science the super sleuth 0aInvestigación criminal 967891 aGeary, Clifford N.eill.967901 aPostigo, Luisetr.96791 aCatalogación por copia / LC 001052708MOaGRbGRcCTd2009-09-22iLF1l0o363.25 P822cp2114-10r2020-06-25w2020-06-25y2ZPréstamo interno c1972d1972